Normal view
MARC view
- Walker, Carol L Hardy, Darel W
Entry Personal Name
001 - CONTROL NUMBER
- control field: 75666
003 - CONTROL NUMBER IDENTIFIER
- control field: NUST
005 - DATE AND TIME OF LATEST TRANSACTION
- control field: 20210628205447.0
008 - FIXED-LENGTH DATA ELEMENTS
- fixed length control field: 210628|| aca||aabn | a|a d
040 ## - CATALOGING SOURCE
- Original cataloging agency: NUST
- Transcribing agency: NUST
100 ## - HEADING--PERSONAL NAME
- Personal name: Walker, Carol L Hardy, Darel W
670 ## - SOURCE DATA FOUND
- Source citation: Work cat.: (NUST): Walker, Carol L Hardy, Darel W, Doing mathematics with scientific workplace convergenec of word processing and computational technologies, 1995
